[Event "WYCC 2018 O18"]
[Site "Halkidiki"]
[Date "2018.10.21"]
[Round "2"]
[White "Le, Minh Hoang"]
[Black "Ioannidis, Evgenios"]
[Result "1-0"]
[WhiteElo "2271"]
[BlackElo "2407"]
[Annotator "TA"]
[PlyCount "105"]
[EventDate "2018.10.20"]
[EventType "swiss"]
[EventCountry "GRE"]
[SourceTitle "playchess.com"]
[Source "ChessBase"]
[SourceQuality "1"]

{[%evp 20,105,10,2,18,16,9,8,7,9,18,22,41,42,51,60,77,70,168,167,146,143,158,164,133,15,9,9,9,9,9,9,9,0,38,38,31,31,67,67,67,67,319,304,453,247,453,453,678,307,287,264,1020,995,1011,1002,992,950,950,940,516,426,995,927,810,689,29966,29968,29967,29968,29971,29971,29970,29973,29967,29968,29975,29974,29973,29971,29966,29967,29974,29975,29972,29973,29973,29972]} 1. d4 Nf6 2. g3 d5 3. Nf3 c6 4. Bg2 Bf5 5. O-O e6 6. c4 Nbd7 7. b3 Be7 8. Bb2 O-O 9. Nc3 Ne4 10. Nd2 {D11: Slav Defence: 3 Nf3 sidelines and 3...Nf6 4 e3 Bg4} Nxd2 (10... Nxc3 11. Bxc3 Nf6 12. Re1 a5 13. e4 dxe4 14. Nxe4 Qb6 15. d5 Bxe4 16. Bxe4 cxd5 17. cxd5 Rfd8 18. Bxf6 Bxf6 19. Rc1 exd5 {0-1 (43) Bayer,B (2421)-Landa,K (2615) Porto Mannu 2017}) 11. Qxd2 {LiveBook: 12 Games} Bg6 12. e4 {[%cal Re4d5] The position is equal.} dxc4 13. bxc4 Nb6 14. Qd3 Bf6 15. Rad1 c5 $146 {[%cal Rd8d4]} ({Predecessor:} 15... Qe7 16. Qe2 Qb4 17. c5 Bxd4 18. Rxd4 Qxd4 19. cxb6 Qxb6 {1-0 (53) Goelles,H-Lymysalo,V (1611) Austria 2013}) 16. d5 $1 Bd4 17. Ba3 exd5 18. cxd5 f5 ({Better is} 18... Re8 $14) 19. Nb5 $1 $18 {[%cal Rb5d4]} fxe4 20. Bxe4 Bxe4 21. Qxe4 Re8 22. Qf3 (22. Qb1 $16) 22... Qxd5 $11 23. Qxd5+ Nxd5 24. Nxd4 cxd4 25. Rxd4 Nf6 26. Rc1 Re2 27. Rc7 Rxa2 28. Be7 {Bxf6 is the strong threat.} Ra1+ 29. Kg2 {Strongly threatening Bxf6.} Ne8 30. Rxb7 a5 $2 {[%mdl 8192]} (30... h6 $14) 31. Rf4 $18 {[%csl Ge7][%cal Rf4f8]} h5 {[#]} (31... Nf6 $142 32. Bxf6 gxf6 33. Rxf6 Ra2) 32. Rf8+ $1 Kh7 33. Bf6 Rd1 {[#]} (33... Nxf6 $142 34. Rxa8 Kg6) 34. Rxg7+ (34. Bxg7 $142 $1 {[%mdl 512]} Nd6 (34... Nxg7 35. Rxa8) 35. Rd7 Rxf8 36. Bxf8+ Kg8 37. Rxd6) 34... Nxg7 35. Rxa8 {Hoping for Ra7.} Kg6 $2 (35... Ne6 36. Rxa5 Kg6) 36. Bxg7 Kxg7 37. Rxa5 {[%mdl 4096] Endgame KR-KR} Kg6 38. h3 {[%cal Bh2h3,Bh3g4,Bg4g5,Bg5g6][%mdl 32]} Rd4 39. Ra6+ Kg7 40. Kf3 Rb4 (40... Rd3+ $142 41. Ke4 Rd2) 41. g4 Rb3+ 42. Kg2 hxg4 43. hxg4 {White mates.} Rc3 44. f3 {[%cal Bf2f3,Bf3f4,Bf4f5][%mdl 32]} Rb3 45. Kg3 Rc3 46. g5 Rc4 47. f4 Rc1 48. Kg4 Rc4 49. g6 Rc5 50. f5 Rc1 51. Ra7+ Kf6 52. Rf7+ Ke5 53. Kg5 {Precision: White = 71%, Black = 26%.} 1-0

[Event "WYCC 2018 O18"]
[Site "Halkidiki"]
[Date "2018.10.21"]
[Round "2"]
[White "Galiana Fernandez, Adrian"]
[Black "Stavropoulos, Konstantinos"]
[Result "1-0"]
[WhiteElo "2261"]
[BlackElo "2045"]
[Annotator "NA"]
[PlyCount "83"]
[EventDate "2018.10.20"]
[EventType "swiss"]
[EventCountry "GRE"]
[SourceTitle "playchess.com"]
[Source "ChessBase"]
[SourceQuality "1"]
[TimeControl "40/5400+30:1800+30"]

1. e4 {[%emt 0:00:00]} c5 {[%emt 0:00:00]} 2. Nf3 {[%emt 0:00:00]} Nc6 {[%emt 0:01:24]} 3. d4 {[%emt 0:00:00]} cxd4 {[%emt 0:00:05]} 4. Nxd4 {[%emt 0:00:00]} e6 {[%emt 0:00:15]} 5. Nc3 {[%emt 0:00:00]} Qc7 {[%emt 0:00:14]} 6. g3 {[%emt 0:00:00]} a6 {[%emt 0:01:11]} 7. Bg2 {[%emt 0:00:07]} h5 {[%emt 0:00:18]} 8. O-O {[%emt 0:01:17] B47: Sicilian: Taimanov: 5 Nc3 Qc7 6 f4, 6 g3 and 6 Be2} Nf6 {[%emt 0:00:11]} 9. h3 {[%emt 0:00:11]} (9. Re1 Nxd4 10. Qxd4 Bc5 11. Bf4 d6 12. Qd2 Ng4 13. Re2 O-O 14. Rd1 Ne5 15. Na4 Ba7 16. b3 {½-½ (45) Firouzja,A (2561)-Le,Q (2727) Abu Dhabi 2018}) 9... Be7 {[%emt 0:16:16]} 10. Re1 {[%emt 0:01:08]} d6 {[%emt 0:01:07]} 11. Nxc6 $146 {[%emt 0:00:33]} ({Predecessor:} 11. a4 Rb8 12. Nb3 h4 13. g4 Nh7 {1-0 (36) Mrva,M (2417)-Macko,M (2167) Slovakia 2015}) 11... bxc6 {[%emt 0:00:10]} 12. e5 {[%emt 0:00:07]} dxe5 {[%emt 0:01:24]} 13. Rxe5 {[%emt 0:01:36]} O-O {[%emt 0:03:28]} 14. Re1 {[%emt 0:01:17]} Rd8 {[%emt 0:06:44]} 15. Qf3 {[%emt 0:01:23]} Bd7 {[%emt 0:00:51]} 16. Bf4 {[%emt 0:01:53]} Qb6 {[%emt 0:03:54]} 17. Na4 {[%emt 0:01:09]} Qa5 {[%emt 0:00:06]} 18. b3 {[%emt 0:04:27]} Rac8 {[%emt 0:07:01]} 19. Nb2 {[%emt 0:08:56]} Qf5 {[%emt 0:04:48]} 20. Nc4 {[%emt 0:06:23]} Nd5 {[%emt 0:01:02]} 21. Nd6 {[%emt 0:04:55]} Bxd6 {[%emt 0:01:36]} 22. Bxd6 {[%emt 0:03:54]} Qxc2 {[%emt 0:01:34]} 23. Qxh5 {[%emt 0:00:41]} Qh7 {[%emt 0:06:28]} 24. Qe2 {[%emt 0:04:16]} a5 {[%emt 0:03:27]} 25. Rac1 {[%emt 0:00:41]} f6 {[%emt 0:05:34]} 26. Rc4 {[%emt 0:07:05]} Kf7 {[%emt 0:06:28]} (26... e5 $16 {was called for.}) 27. Rh4 {[%emt 0:05:00]} Qg8 {[%emt 0:00:30]} 28. Be4 {[%emt 0:04:08]} g6 {[%emt 0:00:55]} 29. Rh6 {[%emt 0:02:57]} Nc3 {[%emt 0:06:19]} 30. Qd3 {[%emt 0:05:35]} Nxe4 {[%emt 0:00:15]} 31. Rxe4 {[%emt 0:00:06]} g5 {[%emt 0:06:26]} 32. Rd4 {[%emt 0:01:31]} f5 {[%emt 0:02:06]} 33. Be5 {[%emt 0:00:10]} Ke7 {[%emt 0:04:53]} 34. Bf6+ {[%emt 0:00:13]} Ke8 {[%emt 0:00:09]} 35. Rh8 {[%emt 0:00:26]} Qxh8 {[%emt 0:00:14]} 36. Bxh8 {[%emt 0:00:07]} c5 {[%emt 0:00:06]} 37. Rd6 {[%emt 0:00:28]} Ke7 {[%emt 0:02:46]} 38. Be5 $18 {[%emt 0:00:15]} a4 {[%emt 0:03:46]} 39. Qd2 {[%emt 0:00:30]} f4 {[%emt 0:00:55]} 40. Qd3 {[%emt 0:00:00]} Be8 {[%emt 0:00:00]} 41. Rxd8 {[%emt 0:00:23]} Rxd8 {[%emt 0:00:50]} 42. Bf6+ {[%emt 0:00:06]} 1-0

[Event "WYCC 2018 O18"]
[Site "Halkidiki"]
[Date "2018.10.21"]
[Round "2"]
[White "Tifferet, Shaked"]
[Black "Wang, Shixu B"]
[Result "0-1"]
[WhiteElo "2254"]
[BlackElo "2330"]
[Annotator "TA"]
[PlyCount "106"]
[EventDate "2018.10.20"]
[EventType "swiss"]
[EventCountry "GRE"]
[SourceTitle "playchess.com"]
[Source "ChessBase"]
[SourceQuality "1"]

{[%evp 19,106,18,18,14,22,25,21,22,23,23,12,12,36,25,63,63,78,21,25,26,22,0,0,0,0,0,0,0,0,0,0,0,0,0,0,-3,-2,-3,0,0,2,0,0,0,0,0,0,0,0,0,0,0,0,-17,-17,-97,-28,-77,-89,-328,-321,-306,-309,-345,-337,-344,-325,-870,-869,-766,-550,-674,0,-688,-441,-1168,-1151,-1003,-884,-1635,-12,-1613,-1535,-4910,-760,-29973,-29974,-29974,-29976]} 1. d4 Nf6 2. c4 e6 3. g3 Bb4+ 4. Nd2 c5 5. a3 Bxd2+ 6. Qxd2 Nc6 {E00: Katalanisch} (6... cxd4 7. Nf3 d5 8. Bg2 dxc4 9. Qxd4 Qxd4 10. Nxd4 O-O 11. Be3 Nd5 12. Rc1 Nxe3 13. fxe3 Nd7 14. Rxc4 Nf6 15. O-O {½-½ (46) Wojtaszek,R (2744)-Karjakin,S (2778) Shamkir 2018}) 7. dxc5 Ne4 8. Qc2 Qa5+ 9. Bd2 Nxd2 10. Qxd2 Qxc5 {LiveBook: 16 Partien} 11. Rc1 a5 12. Bg2 O-O 13. Nf3 b5 14. cxb5 Qxb5 {[#]} 15. O-O $146 Rb8 16. Rc2 d5 17. Rfc1 Bb7 18. Nd4 ({Lieber} 18. Rc5 $16 Qb6 19. e3) 18... Nxd4 $11 19. Qxd4 Ba6 20. Bf3 Qb3 21. Kg2 h6 22. h4 Rfe8 23. Rc7 {[#] Und Txf7! würde nun gewinnen.} Qxb2 24. Qf4 {Droht T1c6 und aus.} Rf8 25. R1c2 Qf6 (25... Qxa3 {looks sharper.} 26. Rxf7 Bc4 27. Rxg7+ Kxg7 28. Qe5+ Kh7) 26. Qxf6 gxf6 27. Ra7 Bc4 28. Rxa5 Rfe8 29. Ra7 Kf8 30. e4 Re7 31. Rxe7 Kxe7 32. exd5 exd5 {[%mdl 4096] Endspiel KTL-KTL} 33. Be2 Rc8 34. Kf3 Kd6 35. Kf4 Kc5 36. Kf5 Rc6 37. Rd2 (37. Kf4 $11 {bleibt in der Remisbreite.}) 37... Ra6 (37... Re6 $17 38. Bd3 Ra6) 38. Bh5 d4 {[%cal Bd5d4,Bd4d3][%mdl 32]} 39. Bd1 $2 (39. Rd1 $17) 39... d3 $19 ({Schwächer ist} 39... Rxa3 40. Kxf6 Ra6+ 41. Ke5 $17) 40. Rb2 Kd4 ({Weniger gut wäre} 40... Rxa3 41. Kxf6 Kd4 42. Kg7 $17) 41. Rb1 Be6+ ({Viel schwächer ist} 41... Rxa3 42. Rb6 $19) 42. Kf4 Rxa3 43. Rc1 $2 (43. Rb6 Ra5 44. g4) 43... Ra2 44. f3 Rg2 45. Ba4 Ra2 46. Bd1 $1 Rb2 47. Ba4 (47. Ra1 $142) 47... d2 {[%cal Rd2c1]} 48. Ra1 Rb4 {[%cal Rd4d3]} 49. Ra3 Kc5+ 50. Ke3 {[#]} Rxa4 $1 {[%mdl 512]} 51. Rc3+ (51. Rxa4 d1=Q) 51... Rc4 52. Kxd2 Rxc3 53. Kxc3 Bd5 {Precision: Weiß = 45%, Schwarz = 83%.} 0-1

[Event "WYCC 2018 O18"]
[Site "Halkidiki"]
[Date "2018.10.21"]
[Round "2"]
[White "Bratkovic, Jakob"]
[Black "Polyakov, Fedor"]
[Result "1-0"]
[WhiteElo "2242"]
[BlackElo "2036"]
[Annotator "NA"]
[PlyCount "49"]
[EventDate "2018.10.20"]
[EventType "swiss"]
[EventCountry "GRE"]
[SourceTitle "playchess.com"]
[Source "ChessBase"]
[SourceQuality "1"]
[TimeControl "40/5400+30:1800+30"]

1. e4 {[%emt 0:01:00]} c5 {[%emt 0:00:15]} 2. Nf3 {[%emt 0:00:04]} Nc6 {[%emt 0:00:06]} 3. d4 {[%emt 0:00:11]} cxd4 {[%emt 0:00:08]} 4. Nxd4 {[%emt 0:00:21]} Nf6 {[%emt 0:00:09]} 5. Nc3 {[%emt 0:00:03]} e5 {[%emt 0:02:42]} 6. Ndb5 {[%emt 0:00:11]} d6 {[%emt 0:00:34]} 7. Bg5 {[%emt 0:00:07]} a6 {[%emt 0:00:47]} 8. Na3 {[%emt 0:00:03]} b5 {[%emt 0:00:28]} 9. Nd5 {[%emt 0:00:05]} Be7 {[%emt 0:00:04]} 10. Bxf6 {[%emt 0:00:35]} Bxf6 {[%emt 0:03:32]} 11. c3 {[%emt 0:00:05]} Ne7 {[%emt 0:05:09]} 12. Nxf6+ {[%emt 0:01:04]} gxf6 {[%emt 0:00:02]} 13. Nc2 {[%emt 0:00:10]} f5 {[%emt 0:00:59] B33: Sicilian: Pelikan and Sveshnikov Variations} (13... Bb7 14. Bd3 d5 15. exd5 Qxd5 16. Ne3 Qe6 17. a4 Rd8 18. Qc2 e4 19. Be2 O-O 20. axb5 axb5 21. Ra5 f5 22. Rxb5 Bc6 23. Bc4 Qd7 24. Rc5 f4 25. Nd1 Ng6 26. h4 Qd6 27. b4 Ba4 {0-1 (27) Lobanov,S (2521)-Reinderman,D (2575) Dieren 2018}) 14. exf5 {[%emt 0:08:53]} Nxf5 {[%emt 0:02:33]} 15. Bd3 {[%emt 0:08:01]} d5 {[%emt 0:07:35]} 16. Bxf5 {[%emt 0:02:35]} Bxf5 {[%emt 0:00:01]} 17. Ne3 {[%emt 0:00:12]} Be6 {[%emt 0:00:21]} 18. Qh5 $146 {[%emt 0:03:27]} ({Predecessor:} 18. O-O O-O 19. f4 f6 20. fxe5 fxe5 21. Qh5 {1-0 (46) Huebner,W-Blaskowski,J (2300) Germany 1995}) 18... Qf6 {[%emt 0:03:07]} 19. O-O {[%emt 0:01:38]} Rg8 {[%emt 0:05:41]} 20. f4 {[%emt 0:06:05]} e4 $18 {[%emt 0:11:32]} (20... O-O-O $16 {was necessary.}) 21. f5 {[%emt 0:00:58]} Bd7 {[%emt 0:16:55]} 22. Nxd5 {[%emt 0:04:07]} Qe5 {[%emt 0:00:17]} 23. Rad1 {[%emt 0:00:33]} e3 {[%emt 0:02:14]} 24. Rfe1 {[%emt 0:03:53]} Kf8 {[%emt 0:03:20]} 25. Qh6+ {[%emt 0:00:36]} 1-0

[Event "WYCC 2018 O18"]
[Site "Halkidiki"]
[Date "2018.10.21"]
[Round "2"]
[White "Tsomaia, Nikoloz"]
[Black "Fortanelli Rios, Juan Manuel"]
[Result "1-0"]
[WhiteElo "2201"]
[BlackElo "2015"]
[Annotator "NA"]
[PlyCount "55"]
[EventDate "2018.10.20"]
[EventType "swiss"]
[EventCountry "GRE"]
[SourceTitle "playchess.com"]
[Source "ChessBase"]
[SourceQuality "1"]
[TimeControl "40/5400+30:1800+30"]

1. e4 {[%emt 0:00:00]} c5 {[%emt 0:00:00]} 2. Nf3 {[%emt 0:00:00]} d6 {[%emt 0:00:00]} 3. Bb5+ {[%emt 0:00:30]} Nd7 {[%emt 0:00:00]} 4. d4 {[%emt 0:00:04]} Ngf6 {[%emt 0:00:00]} 5. Nc3 {[%emt 0:00:10]} a6 {[%emt 0:05:08]} 6. Bxd7+ {[%emt 0:00:10]} Bxd7 {[%emt 0:00:25]} ({Better is} 6... Nxd7 $14 7. dxc5 dxc5) 7. dxc5 {[%emt 0:11:59]} dxc5 {[%emt 0:06:03]} 8. e5 {[%emt 0:07:18]} Ng8 {[%emt 0:01:30]} 9. Be3 {[%emt 0:05:34]} e6 $1 {[%emt 0:10:56]} 10. Ne4 {[%emt 0:02:40]} Qc7 {[%emt 0:06:07]} 11. Qd2 {[%emt 0:01:42]} Bc6 {[%emt 0:09:40]} 12. Nd6+ {[%emt 0:00:30]} Bxd6 {[%emt 0:00:25]} 13. exd6 {[%emt 0:00:03]} Qc8 {[%emt 0:00:11]} 14. Ne5 {[%emt 0:02:41]} f6 $2 {[%emt 0:02:10]} (14... Nf6 $16) 15. Nc4 {[%emt 0:03:02]} Rb8 {[%emt 0:05:50]} 16. Nb6 {[%emt 0:02:05]} ({Finger weg von} 16. Bxc5 Bd7 $18) 16... Qd8 {[%emt 0:00:17]} 17. Bxc5 {[%emt 0:00:11]} Nh6 $2 {[%emt 0:00:43] [#]} (17... Bd7 {keeps fighting.} 18. b3 Nh6) 18. d7+ $18 {[%emt 0:00:13]} Kf7 {[%emt 0:00:43]} 19. O-O-O {[%emt 0:01:03]} Bxg2 {[%emt 0:03:04]} 20. Rhg1 {[%emt 0:00:07]} Bf3 {[%emt 0:02:30]} 21. Rde1 {[%emt 0:17:18]} Qc7 {[%emt 0:09:54]} 22. Qc3 {[%emt 0:00:27]} Qc6 {[%emt 0:04:25]} 23. Rg3 {[%emt 0:03:06]} Be4 {[%emt 0:05:51]} 24. Qb4 {[%emt 0:01:02]} Bf5 {[%emt 0:10:46]} 25. Rc3 {[%emt 0:00:41]} Qg2 {[%emt 0:03:15]} 26. Bd6 {[%emt 0:05:41]} Qxf2 {[%emt 0:01:46]} 27. Bg3 {[%emt 0:00:34]} Qg2 {[%emt 0:05:09]} 28. Bxb8 {[%emt 0:00:19]} 1-0

[Event "WYCC 2018 O18"]
[Site "Halkidiki"]
[Date "2018.10.21"]
[Round "2"]
[White "Lindbol, Aleksander"]
[Black "Haug, Johannes"]
[Result "0-1"]
[WhiteElo "2166"]
[BlackElo "2391"]
[Annotator "TA"]
[PlyCount "38"]
[EventDate "2018.10.20"]
[EventType "swiss"]
[EventCountry "GRE"]
[SourceTitle "playchess.com"]
[Source "ChessBase"]
[SourceQuality "1"]

{[%evp 15,38,0,53,26,15,5,11,4,20,0,0,0,0,0,0,-120,29,0,16,-448,-441,-535,-526,-29993,-29994]} 1. e4 e6 2. c4 d5 3. exd5 exd5 4. d4 Nf6 5. Nc3 Bb4 6. Nf3 O-O 7. Be2 dxc4 8. Bxc4 Nd5 ({Black should play} 8... Bg4 $11) 9. Qb3 {C01: French: Exchange Variation} Qe7+ 10. Kd1 (10. Kf1 Nf6 11. Bg5 Bxc3 12. bxc3 b5 13. Bxb5 Bb7 14. Ne5 Qd6 {1-0 (14) Okhotnik,V (2446)-Hoellmann,L (2145) Lingen 2012}) 10... Nxc3+ $1 11. bxc3 {[#] Hoping for Re1.The position is equal.} Bd6 12. Re1 Qd7 13. Ng5 $146 ({Predecessor:} 13. Ba3 Nc6 14. Bxd6 cxd6 15. Bd3 {1-0 (54) Dongart,D (2160)-Guindy,E (2160) Copenhagen 1998}) 13... Nc6 $1 14. Qc2 $36 {[%csl Gg5][%cal Rc2h7][%mdl 2048] White is pushing.} g6 $1 15. Re4 (15. Qd2 $11 {remains equal.} Na5 16. Bd3) 15... Ne7 ({Black should try} 15... Na5 $17 16. Bd3 (16. Nxh7 Kxh7 17. Rh4+ Kg7 $17) 16... f6) 16. Rh4 h5 $1 17. Rxh5 $2 {[%mdl 8192]} (17. Ne4 $11 {and White has nothing to worry.} Be5 18. Ke1) 17... Qg4+ $19 18. Be2 Qxg2 {[#] ( -> ...Qh1+)} 19. Rh7 Qh1+ {Precision: White = 20%, Black = 63%.} 0-1

[Event "WYCC 2018 O18"]
[Site "Halkidiki"]
[Date "2018.10.21"]
[Round "2"]
[White "Bremner, William"]
[Black "Pantzar, Milton"]
[Result "1/2-1/2"]
[WhiteElo "2046"]
[BlackElo "2326"]
[Annotator "TA"]
[PlyCount "61"]
[EventDate "2018.10.20"]
[EventType "swiss"]
[EventCountry "GRE"]
[SourceTitle "playchess.com"]
[Source "ChessBase"]
[SourceQuality "1"]

{[%evp 18,61,14,25,16,0,0,-12,22,2,18,30,52,44,43,13,20,14,53,40,42,46,46,30,50,0,0,0,31,17,13,16,64,52,109,-16,57,54,105,62,52,0,105,0,59,0]} 1. d4 {Mikhalchishin,A} Nf6 2. c4 e6 3. g3 d5 4. Nf3 Bb4+ 5. Bd2 Bd6 (5... Be7 6. Bg2 O-O 7. O-O Nbd7 8. Nc3 c6 9. Bf4 dxc4 10. e4 Re8 11. a4 b6 12. d5 exd5 13. exd5 Bb7 14. a5 bxa5 15. d6 Bf8 16. Nd2 Nd5 17. Nxd5 cxd5 18. Nxc4 dxc4 19. Bxb7 {½-½ (42) Nakamura,H (2777)-Karjakin,S (2773) Saint Louis 2018}) 6. Nc3 {E01: Catalan: Early deviations} O-O 7. Bg5 c6 8. Bg2 h6 9. Bxf6 Qxf6 10. e4 {[#] LiveBook: 4 Games. e5 is the strong threat.} Bc7 11. O-O {[%cal Re4d5]} dxc4 12. Qe2 $146 ({Predecessor:} 12. e5 Qe7 {½-½ (37) Pogonina,N (2478)-Dzagnidze,N (2528) Riga 2017 CBM 178 [Mikhalchishin,A]}) 12... Qe7 13. Qxc4 b5 14. Qb3 Ba6 15. Rfd1 Nd7 16. Rac1 Bb6 17. d5 exd5 18. exd5 Nf6 19. dxc6 Bxf2+ 20. Kh1 $1 ({Avoid the trap} 20. Kxf2 $2 Ng4+ 21. Kf1 Qe3 $19) 20... Bb6 21. Nd5 ({Reject} 21. Nxb5 Ne4 $15) 21... Nxd5 22. Rxd5 Rad8 23. Re1 Qc7 24. Ne5 $36 {[%mdl 2048] And now Rxd8 would win. White fights for an advantage.} Rde8 25. Qd1 Bc8 {[#]} (25... Ba5 $14 26. Re4 Bc8) 26. Rxb5 (26. Nd7 $1 $16) 26... a6 ({Black should play} 26... Re6 $11) 27. Rd5 $14 Be6 (27... Ba5 $14 28. Re2 Be6) 28. Rd3 {Strongly threatening Nd7.} Bf5 29. Rd5 ({Better is} 29. Rd7 $1 $14 Bxd7 30. Nxd7) 29... Be6 $16 30. Rd3 {aiming for Nd7.} Bf5 $1 31. Rd5 {Precision: White = 45%, Black = 49%.} (31. Rd7 $1 $14 Bxd7 32. Nxd7) 1/2-1/2

[Event "WYCC 2018 O18"]
[Site "Halkidiki"]
[Date "2018.10.21"]
[Round "2"]
[White "Liang, Albert"]
[Black "Liska, Jiri"]
[Result "0-1"]
[WhiteElo "2042"]
[BlackElo "2245"]
[Annotator "NA"]
[PlyCount "150"]
[EventDate "2018.10.20"]
[EventType "swiss"]
[EventCountry "GRE"]
[SourceTitle "playchess.com"]
[Source "ChessBase"]
[SourceQuality "1"]
[TimeControl "40/5400+30:1800+30"]

1. e4 {[%emt 0:00:00]} c5 {[%emt 0:00:00]} 2. Nf3 {[%emt 0:00:00]} Nc6 {[%emt 0:00:00]} 3. d4 {[%emt 0:00:07]} cxd4 {[%emt 0:00:11]} 4. Nxd4 {[%emt 0:00:10]} Nf6 {[%emt 0:00:15]} 5. Nc3 {[%emt 0:00:22]} e5 {[%emt 0:00:17]} 6. Ndb5 {[%emt 0:00:23]} d6 {[%emt 0:00:16]} 7. Bg5 {[%emt 0:00:42]} a6 {[%emt 0:00:22]} 8. Na3 {[%emt 0:00:10]} b5 {[%emt 0:00:30]} 9. Nd5 {[%emt 0:00:46]} Be7 {[%emt 0:00:23]} 10. Bxf6 {[%emt 0:01:04]} Bxf6 {[%emt 0:00:11]} 11. c4 {[%emt 0:00:39]} b4 {[%emt 0:02:42]} 12. Nc2 {[%emt 0:00:48]} Rb8 {[%emt 0:01:26]} 13. b3 {[%emt 0:01:43]} Bg5 {[%emt 0:06:58] B33: Sicilian: Pelikan and Sveshnikov Variations} 14. g3 {[%emt 0:05:01]} O-O {[%emt 0:04:57]} 15. h4 {[%emt 0:04:53] LiveBook: 40 Games} (15. Bg2 a5 16. O-O Ne7 17. h4 Bh6 18. Nxe7+ Qxe7 19. Qd5 Qc7 20. Rad1 Rd8 21. Kh2 Bg4 22. Rde1 Bd7 23. Qd3 Qc5 24. Rd1 {1-0 (55) Nakamura,H (2759)-Van Wely,L (2692) Wijk aan Zee 2012}) 15... Bh6 {[%emt 0:05:22]} 16. Bh3 {[%emt 0:12:34]} Be6 {[%emt 0:10:57]} 17. Kf1 {[%emt 0:02:10]} Qd7 {[%emt 0:12:13]} 18. Kg2 {[%emt 0:03:17]} a5 {[%emt 0:11:03]} 19. Qd3 {[%emt 0:06:54]} Rbe8 {[%emt 0:03:48]} 20. Rad1 {[%emt 0:20:12] [#]} Kh8 $146 {[%emt 0:08:59]} ({Predecessor:} 20... f5 21. exf5 Bxf5 22. Bxf5 Rxf5 {½-½ (33) Tiemann,H (2480)-Novak,J (2545) ICCF email 2009}) 21. Nde3 {[%emt 0:03:52]} Bxe3 {[%emt 0:08:49]} 22. Nxe3 {[%emt 0:06:32]} Nd4 {[%emt 0:01:41]} 23. Nc2 {[%emt 0:02:24]} Bxh3+ {[%emt 0:05:06]} 24. Rxh3 {[%emt 0:00:25]} f5 {[%emt 0:04:59]} 25. Re1 {[%emt 0:16:49]} fxe4 {[%emt 0:01:38]} 26. Qxe4 {[%emt 0:00:19]} Qf7 {[%emt 0:04:02]} 27. Rf1 {[%emt 0:01:27]} Nxc2 {[%emt 0:01:29]} 28. Qxc2 {[%emt 0:00:05]} Qf3+ {[%emt 0:00:08]} 29. Kg1 {[%emt 0:01:17]} e4 {[%emt 0:00:34]} 30. Qd1 {[%emt 0:01:32]} Qc3 {[%emt 0:00:55]} 31. Re1 {[%emt 0:01:31]} (31. Qe2 $142) 31... e3 {[%emt 0:02:37]} 32. f4 Re4 {[%emt 0:01:19]} 33. Re2 {[%emt 0:03:11]} (33. Qe2 $17) 33... Rd4 {[%emt 0:01:03]} 34. Qe1 {[%emt 0:00:23]} Re8 {[%emt 0:00:22]} 35. Rhh2 {[%emt 0:00:37]} Qd3 {[%emt 0:00:31]} 36. Qf1 {[%emt 0:00:54]} h6 {[%emt 0:00:20]} 37. Rhg2 {[%emt 0:01:12]} Qe4 {[%emt 0:00:50]} 38. Re1 {[%emt 0:00:46] [#]} Rd3 {[%emt 0:01:09]} ({Better is} 38... a4 $1 $17 {[%mdl 512]} 39. bxa4 Rxc4) 39. Rge2 {[%emt 0:00:52]} a4 {[%emt 0:00:26]} 40. bxa4 {[%emt 0:00:00]} Qd4 {[%emt 0:00:00]} 41. Qf3 {[%emt 0:12:04]} Re4 {[%emt 0:20:29]} (41... Qxc4 $17 42. f5 d5) 42. f5 {[%emt 0:08:21]} Ra3 {[%emt 0:04:24]} 43. f6 {[%emt 0:03:49]} gxf6 {[%emt 0:00:29]} 44. Qh5 {[%emt 0:01:08]} Kg7 {[%emt 0:00:44]} 45. Qb5 {[%emt 0:01:43]} Qxc4 {[%emt 0:03:16]} 46. Qb7+ {[%emt 0:01:44]} Kg8 {[%emt 0:01:53]} 47. Qb8+ {[%emt 0:01:02]} Kf7 {[%emt 0:00:53]} 48. Qh8 $2 {[%emt 0:01:36]} (48. Qxd6 $11 {and White has nothing to worry.} h5 49. Rf1) 48... d5 {[%emt 0:01:15]} 49. Rf1 {[%emt 0:02:31]} Re6 {[%emt 0:01:03]} ({Stronger than} 49... Qxe2 50. Qxf6+ Ke8 51. Qf8+ Kd7 52. Rf7+ Kc6 53. Qc8+ Kd6 54. Qc7+ Ke6 55. Qe7#) 50. Qh7+ {[%emt 0:00:23]} Ke8 {[%emt 0:00:18]} 51. Rfe1 {[%emt 0:02:31]} (51. Qg8+ $11 {remains equal.} Kd7 52. Qf7+ Re7 53. Qxf6) 51... Qg4 {[%emt 0:01:15]} 52. Kh2 {[%emt 0:00:36]} (52. Qc7 $142) 52... d4 {[%emt 0:00:21]} 53. Rc2 $2 {[%emt 0:00:56]} (53. Qh8+ {is the only way for White.} Kf7 54. Qh7+ Qg7 55. Qf5) 53... Rc3 {[%emt 0:00:19]} 54. Rxc3 {[%emt 0:00:36]} dxc3 {[%emt 0:00:35]} 55. Qh8+ {[%emt 0:00:18]} Kf7 {[%emt 0:00:43]} 56. Qh7+ {[%emt 0:00:38]} Qg7 {[%emt 0:00:38]} 57. Qd3 {[%emt 0:00:18]} Qg6 {[%emt 0:00:32]} 58. Qc4 {[%emt 0:00:32]} Qe4 {[%emt 0:00:30]} 59. Qc7+ {[%emt 0:00:39]} Re7 {[%emt 0:00:08]} 60. Qc5 {[%emt 0:00:31]} c2 {[%emt 0:00:39]} 61. Qh5+ {[%emt 0:00:48]} Kg7 {[%emt 0:00:18]} 62. Qc5 {[%emt 0:01:02]} Kf7 {[%emt 0:00:37]} 63. Qh5+ {[%emt 0:00:34]} Qg6 {[%emt 0:00:28]} 64. Qd5+ {[%emt 0:00:10]} Kg7 {[%emt 0:00:10]} 65. Qc5 {[%emt 0:00:22]} Re5 {[%emt 0:00:47]} 66. Qc7+ {[%emt 0:00:14]} Kg8 {[%emt 0:00:42]} 67. Qc8+ {[%emt 0:00:23]} Re8 {[%emt 0:00:24]} 68. Qc4+ {[%emt 0:00:16]} Kh8 $19 {[%emt 0:00:20]} 69. Re2 {[%emt 0:01:39]} Qe4 {[%emt 0:00:35]} 70. Qc7 {[%emt 0:00:56]} Re7 {[%emt 0:00:41]} 71. Qc8+ {[%emt 0:00:34]} Kg7 {[%emt 0:00:02]} 72. a5 {[%emt 0:00:31]} Qd3 {[%emt 0:00:31]} 73. Qg4+ {[%emt 0:00:10]} Kh7 {[%emt 0:00:07]} 74. Re1 {[%emt 0:00:26]} Qd2+ {[%emt 0:00:17]} 75. Re2 {[%emt 0:00:24]} Qxe2+ {[%emt 0:00:11]} 0-1